¿Cuántos huesos? - Estadísticas

Estadísticas generales
  • Esta prueba ha sido intentada 116 veces
  • La puntuación promedio es 46 de 46
Estadísticas de respuestas
Pista Nombre del Hueso Cantidad % Correcto
Hueso del cráneo Frontal 1
100%
Hueso del cráneo Occipital 1
100%
Hueso del cráneo Esfenoides 1
100%
Hueso del cráneo Etmoides 1
100%
Hueso de la cara Vómer 1
100%
Hueso de la cara Mandíbula 1
100%
Hueso del cuello Hioides 1
100%
Columna vertebral Sacro 1
100%
Columna vertebral Coxis 1
100%
Hueso del Tórax Esternón 1
100%
Hueso del cráneo Parietal 2
100%
Hueso del cráneo Temporal 2
100%
Hueso de la cara Nasal 2
100%
Hueso de la cara Lacrimal 2
100%
Hueso de la cara Cornete nasal inferior 2
100%
Hueso de la cara Maxilar 2
100%
Hueso de la cara Palatino 2
100%
Hueso de la cara Cigomático 2
100%
Hueso del oído Yunque 2
100%
Hueso del oído Estribo 2
100%
Hueso del oído Martillo 2
100%
Hueso del Miembro Superior Clavícula 2
100%
Hueso del Miembro Superior Escápula 2
100%
Hueso del Miembro Superior Húmero 2
100%
Hueso del Miembro Superior Radio 2
100%
Hueso del Miembro Superior Ulna 2
100%
Hueso del Miembro Inferior Hueso coxal 2
100%
Hueso del Miembro Inferior Fémur 2
100%
Hueso del Miembro Inferior Patela 2
100%
Hueso del Miembro Inferior Tibia 2
100%
Hueso del Miembro Inferior Fíbula 2
100%
Hueso del Tórax Costillas flotantes 4
100%
Hueso del Miembro Superior Falanges mediales 8
99%
Hueso del Miembro Inferior Falanges mediales 8
99%
Hueso del Tórax Costillas falsas 10
98%
Hueso del Miembro Superior Metacarpos 10
98%
Hueso del Miembro Superior Falanges proximales 10
98%
Hueso del Miembro Superior Falanges distales 10
98%
Hueso del Miembro Inferior Falanges proximales 10
98%
Hueso del Miembro Inferior Falanges distales 10
98%
Columna vertebral Vértebras Cervicales 7
98%
Columna vertebral Vértebras Torácicas 12
97%
Hueso del Tórax Costillas verdaderas 14
97%
Hueso del Miembro Inferior Tarsos / Tarsianos 14
97%
Columna vertebral Vértebras Lumbares 5
96%
Hueso del Miembro Superior Carpos / Carpianos 16
95%
No se encontraron pruebas coincidentes
Distribución de puntuación
Porcentaje de gente con cada puntuación
Porcentaje por número respondido
Historial de tus puntuaciones
No has intentado esta prueba.